| Поле | Название | Значение |
| |
Тип записи |
a |
| |
Библиографический уровень |
m |
| 001 |
Контрольный номер |
RU/ГПНТБ России/IBIS/84(2=411.2)6/Н 50-901575563 |
| 005 |
Дата корректировки |
20260615093216.6 |
| 010 |
Индекс ISBN |
__ |
| a |
ISBN |
978-5-17-177374-8 |
| b |
Уточнения |
в пер. |
| 9 |
Тираж |
3000 |
| 100 |
Данные общей обработки |
__ |
| a |
Данные общей обработки |
20260615d2025 cc y0rusy0250 ca |
| 101 |
Язык документа |
0_ |
| a |
Язык текста |
rus |
| 102 |
Страна публикации |
__ |
| a |
Страна публикации |
RU |
| 105 |
Кодированные данные (монография) |
__ |
| a |
Кодированные данные (монография) |
a zz 000ay |
| 181 |
Поле кодированных данных: вид содержания |
_0 |
| a |
Код вида содержания (ISBD) |
i |
| 182 |
Поле кодированных данных: тип средства |
_0 |
| a |
Код типа средства (ISBD) |
n |
| 200 |
Заглавие и сведения об ответственности |
1_ |
| a |
Заглавие |
Энциклопедия в сказках для маленьких почемучек |
| e |
Сведения, относящиеся к заглавию |
60 познавательных сказок |
| e |
Сведения, относящиеся к заглавию |
[для младшего школьного возраста] |
| f |
Первые сведения об ответственности |
Наталия Немцова |
| g |
Последующие сведения об ответственности |
художник Анастасия Зинина |
| 203 |
Вид содержания и тип средства |
__ |
| c |
Тип средства |
непосредственный |
| a |
Вид содержания |
Текст |
| 210 |
Выходные данные |
1_ |
| a |
Место издания |
Москва |
| c |
Издательство |
АСТ |
| c |
Издательство |
Малыш |
| d |
Дата издания |
2025 |
| 215 |
Физическое описание |
__ |
| a |
Объем |
126, [1] с. |
| c |
Иллюстрации/тип воспроизводства |
цв. ил. |
| d |
Формат |
27 см |
| 225 |
Серия |
2_ |
| a |
Серия |
Серия "Энциклопедия в сказках" |
| 330 |
Аннотация |
__ |
| a |
Аннотация |
Для ребёнка мир полон загадок и тайн. Он стремится всё узнать, исследовать, увидеть, попробовать… Чтобы сохранить это стремление к познанию, важно отвечать на все детские вопросы, даже если их бесконечно много. В помощь взрослым создана эта энциклопедия в сказках. Вы найдёте в ней целых 60 сказок о животных и растениях, о природных явлениях, об этикете и полезных изобретениях, о здоровье и правилах безопасного поведения. Сказки легко объясняют ребёнку сложные темы, делают скучное - интересным. Придумала эти истории Наталия Немцова, которая умеет замечать чудесное в обычной жизни. Она много лет работает на радио и телевидении, известна как сценарист передач и новогодних спектаклей "Детского радио", автор программ и документальных фильмов телеканала "Культура". По её сказкам поставлены радиоспектакли. Иллюстрации Анастасии Зининой создают праздничную атмосферу, которая поднимает настроение, дарят радость общения с книгой. |
| 333 |
Примечание о целевом назначении |
__ |
| a |
Примечание о целевом назначении |
информационная продукция для детей, достигших возраста шести лет |
| 333 |
Примечание о целевом назначении |
__ |
| a |
Примечание о целевом назначении |
для детей младшего возраста, 5-10 лет |
| 333 |
Примечание о целевом назначении |
__ |
| a |
Примечание о целевом назначении |
Для учащихся 1-4 классов |
| 517 |
Другие варианты заглавия |
1_ |
| a |
Другие варианты заглавия |
Энциклопедия в сказках |
| 606 |
Тематические рубрики |
__ |
| a |
Основная рубрика |
Русская литература (Х. Л.) |
| z |
Хронологическая подрубрика |
21 в. |
| j |
Формальный подзаголовок |
Издания для детей |
| 2 |
Код системы |
nlr_sh |
| 606 |
Тематические рубрики |
__ |
| a |
Основная рубрика |
Сказки |
| 2 |
Код системы |
nlr_sh |
| 686 |
Индексы других классификаций |
__ |
| 2 |
Код системы |
rubbk |
| a |
Классификационный индекс |
84(2=411.2)6 |
| 700 |
Автор |
_1 |
| a |
Фамилия |
Немцова |
| b |
Имя |
Н. Л. |
| g |
Полное личное имя |
Наталия Леонидовна |
| 4 |
Код отношения |
070 |
| 702 |
Вторичная интеллектуальная ответственность |
_1 |
| a |
Фамилия |
Зинина |
| b |
Имя |
А. В. |
| g |
Полное личное имя |
Анастасия Владимировна |
| 4 |
Код отношения |
440 |
| 801 |
Источник записи |
_0 |
| b |
Организация |
ГПНТБ России |
| a |
Страна |
RU |
| c |
Дата составления |
20260615 |
| 801 |
Источник записи |
_1 |
| b |
Организация |
ГПНТБ России |
| a |
Страна |
RU |
| c |
Дата составления |
20260615 |
| 852 |
Данные о местонахождении |
5_ |
| a |
Наименование организации |
ГПНТБ России |
| m |
Суффикс шифра хранения |
106151 |
| b |
Сигла хранения |
ЦГБ |
| j |
Шифр хранения |
84(2=411.2)6 |
| p |
Инвентарный номер |
RU |
| 899 |
Данные о местонахождении |
__ |
| a |
Местонахождение |
ГПНТБ России |
| p |
Штрих-код |
106151 |
| b |
Место хранения |
ЦГБ |
| h |
Классификационная часть РШ |
84(2=411.2)6 |
| i |
Авторский знак |
Н 50 |
| 901 |
Тип документа |
__ |
| a |
Ответственный |
заим. |